000 02982nam0a2200469 4500
001 RU\NLR\BIBL_A\011499307
005 20260406003244.0
010 _a978-5-89580-080-080-5
035 _a(NILC)LIBNET\0000571138
035 _aRSLA\BIBL\0000266731
035 _a(NLR Aleph) 011499307
090 _a11988739
_c11988739
100 _a20171018d2015 |||y0rusy50 ca
101 0 _arus
_deng
102 _aRU
105 _aach z 001zd
200 1 _aГеоргий Якулов- мастер разноцветных солнц
_e[каталог выставки, Москва, 21 апреля - 19 июля 2015
_fГосударственная Третьяковская галерея
_gсоставители, авторы аннотаций и комментариев к произведениям: И. А. Вакар, Т. Н. Михиенко
_gавторы статей: А. Р. Арутюнян и др.]
210 _aМосква
_cГосударственная Третьяковская галерея
_d2015
215 _a317, [1] с.
_cил., цв. ил., портр., факс.
_d28
300 _aРез. англ.
320 _aБиблиогр. в подстроч. примеч. и в тексте
320 _aИмен. указ.: с. 312-313
600 1 _aЯкулов
_bГ. Б.
_f1884 - 1928
_gГеоргий Богданович
_jКаталоги
_xВыставки
_yМосква, город
_z2015
_92361743
_3RU\NLR\AUTH\6601632581
601 0 2 _aГосударственная Третьяковская галерея на Крымском валу
_cМосква, город
_jКаталоги
_xВыставки
_z2015
_92361739
_3RU\NLR\AUTH\6601632579
686 _a85.143(2)6-8Якулов Г.Б. я26я61
_vLBC/M
_2rubbk
686 _a85.146.3(2)6-8Якулов Г.Б. я26я61
_vLBC/M
_2rubbk
686 _a85.153(2)-8Якулов Г.Б.я26я61
_vLBC/M
_2rubbk
686 _a85.113(2)-8Якулов Г.Б.я26я61
_vLBC/M
_2rubbk
686 1 _aЩ143(2Ар)7-8Якулов л62
686 1 _aЩ101.3(2Р)-2Москва2Государственная Третьяковская галерея на Крымском Валу л62
702 1 _4570
_8rus
_7ca
_aЯкулов
_bГ. Б.
_f1884-1928
_gГеоргий Богданович
_3RU\NLR\AUTH\77112792
_995717
702 1 _aВакар
_bИ. А.
_gИрина Анатольевна
_4220
711 1 2 _a"Георгий Якулов - мастер разноцветных солнц", выставка
_eМосква
_f2015
_9595848
_3RU\NLR\AUTH\880466916
711 1 2 _a"Георгий Якулов - мастер разноцветных солнц", выставка
_eМосква
_f2015
801 0 _aRU
_bРГБИ
_c20150716
_grcr
801 1 _aRU
_bРГБИ
_c20150716
942 _cBOOK
980 _aNB